[Event "Challenge"]
[Site "http://www.queenalice.com/game.php?id=963527"]
[Date "2011.7.22"]
[Round "-"]
[White "Hourglass"]
[Black "onegin"]
[Result "0-1"]
[WhiteElo "2011"]
[BlackElo "1300"]

1. e4 e5 2. Nf3 Nc6 3. Bb5 a6 4. Ba4 Nf6 5. O-O Be7 6. Re1 b5 7. Bb3 O-O 8. a3
h6 9. d4 d6 10. h3 Bb7 11. d5 Na5 12. Ba2 c6 13. Nc3 Nc4 14. b3 Nb6 15. b4 a5
16. Qd3 axb4 17. axb4 cxd5 18. exd5 Nfxd5 19. Nxd5 Bxd5 20. Bxd5 Rxa1 21. Qxb5
Nxd5 22. Qxd5 Qa8 23. Qd2 Ra2 24. Qd3 Rc8 25. c4 Ra1 26. Kh2 e4 27. Qc3 Bf6 28.
Nd4 Be5+ 29. g3 Qa6 30. b5 Qa4 31. Qe3 Bxd4 32. Qxd4 Rxc4 33. Qd2 Rc2 34. Qe3
Qxb5 35. Bd2 Raa2 36. Re2 Qd5 0-1

[Event "Summer's End"]
[Site "http://www.queenalice.com/game.php?id=987021"]
[Date "2011.9.19"]
[Round "-"]
[White "Hourglass"]
[Black "onegin"]
[Result "1/2-1/2"]
[WhiteElo "2034"]
[BlackElo "1300"]

1. e4 c5 2. Nf3 d6 3. Bc4 Nf6 4. d3 Nc6 5. O-O g6 6. Nc3 Bg7 7. h3 O-O 8. a3 a5
9. Be3 b6 10. d4 Ba6 11. Bxa6 Rxa6 12. d5 Ne5 13. Nxe5 dxe5 14. Qe2 Ra7 15. Nb5
Rd7 16. f3 Nh5 17. Qf2 f5 18. Qd2 h6 19. b4 c4 20. bxa5 bxa5 21. Kh2 fxe4 22.
fxe4 Rxf1 23. Rxf1 Nf6 24. Nc3 e6 25. Bxh6 Nh7 26. Qc1 exd5 27. Nxd5 Rd6 28. Bd2
a4 29. Bb4 Rd7 30. g3 Nf6 31. Nxf6+ Bxf6 32. Qh6 Rg7 33. Qe3 Rd7 34. Kg2 Rf7 35.
Qe2 Qc8 36. Qf3 Qe6 37. Qd1 1/2-1/2

[Event "Onegin's Return!"]
[Site "http://www.queenalice.com/game.php?id=1215460"]
[Date "2013.9.8"]
[Round "-"]
[White "Hourglass"]
[Black "onegin"]
[Result "1-0"]
[WhiteElo "1880"]
[BlackElo "1300"]

1. e4 e5 2. Nf3 Nc6 3. Bb5 a6 4. Ba4 Nf6 5. O-O b5 6. Bb3 h6 7. d3 Bc5 8. Nc3
O-O 9. a3 Bb7 10. Nh4 Ne7 11. Kh1 d5 12. exd5 g5 13. Nf3 Ng4 14. Ne4 Bb6 15.
Nfxg5 Bc8 16. Ne6 Bxe6 17. dxe6 Ng6 18. exf7+ Kg7 19. Qxg4 Qe7 20. f4 1-0

[Event "Challenge"]
[Site "http://www.queenalice.com/game.php?id=1217412"]
[Date "2013.9.16"]
[Round "-"]
[White "onegin"]
[Black "Hourglass"]
[Result "0-1"]
[WhiteElo "1300"]
[BlackElo "1854"]

1. d4 d5 2. c4 e6 3. Nc3 Nf6 4. cxd5 exd5 5. Bg5 Be7 6. e3 O-O 7. Bd3 c5 8. Nge2
Bg4 9. O-O Nc6 10. a3 Bxe2 11. Bxe2 Qd6 12. Bf4 Qd7 13. Rc1 b6 14. Bg5 Rad8 15.
Bxf6 Bxf6 16. Bg4 Qd6 17. b4 cxd4 18. b5 dxc3 19. bxc6 Qxc6 20. Bf3 Qc5 21. Qe2
d4 22. exd4 Bxd4 23. Qc2 a5 24. Be4 g6 25. a4 Rfe8 26. Bd3 Re7 27. Rce1 Bxf2+
28. Qxf2 Qxf2+ 29. Kxf2 Rxe1 30. Kxe1 Rxd3 31. Rf2 Rd4 32. Rc2 Rc4 33. Ke2 Kg7
34. Kd3 Rxa4 35. Kxc3 b5 36. Rb2 Ra3+ 0-1

[Event "Fall Colors"]
[Site "http://www.queenalice.com/game.php?id=1224750"]
[Date "2013.10.15"]
[Round "-"]
[White "Hourglass"]
[Black "onegin"]
[Result "0-1"]
[WhiteElo "1889"]
[BlackElo "1300"]

1. e4 c5 2. Nf3 d6 3. d4 cxd4 4. Nxd4 Nc6 5. Nc3 a6 6. Be2 e5 7. Nf3 Be7 8. Be3
Nf6 9. Qd2 Ng4 10. O-O-O Nxe3 11. Qxe3 O-O 12. Nd5 Be6 13. Nxe7+ Nxe7 14. Nxe5
Bxa2 15. Bc4 Qa5 16. Bxa2 Qxa2 17. c3 dxe5 18. Rhe1 b5 19. h4 Rac8 20. Rd3 b4
21. Re2 Qa1+ 22. Kc2 b3+ 0-1

[Event "Challenge"]
[Site "http://www.queenalice.com/game.php?id=1229131"]
[Date "2013.11.1"]
[Round "-"]
[White "Hourglass"]
[Black "onegin"]
[Result "0-1"]
[WhiteElo "1909"]
[BlackElo "1300"]

1. e4 e5 2. Nf3 Nc6 3. d4 exd4 4. Nxd4 Nf6 5. Nc3 Bb4 6. Bg5 Qe7 7. Nxc6 Qxe4+
8. Qe2 Qxe2+ 9. Bxe2 bxc6 10. Bd2 O-O 11. O-O-O d5 12. Bf3 a5 13. Rde1 a4 14.
Re7 Bxe7 0-1

[Event "Invitation"]
[Site "http://www.queenalice.com/game.php?id=1230966"]
[Date "2013.11.8"]
[Round "-"]
[White "onegin"]
[Black "Hourglass"]
[Result "1-0"]
[WhiteElo "1300"]
[BlackElo "1935"]

1. d4 g6 2. c4 Bg7 3. Nc3 d6 4. e4 Nc6 5. Be3 e5 6. d5 Nce7 7. c5 f5 8. Bb5+ c6
9. dxc6 bxc6 10. cxd6 cxb5 11. dxe7 Nxe7 12. Qxd8+ Kxd8 13. Rd1+ Kc7 14. Nxb5+
Kb7 15. Nxa7 Rxa7 16. Bxa7 Kxa7 17. Ne2 fxe4 18. Nc3 Bb7 19. Rd7 Re8 20. Nxe4
Kb8 21. f3 Bf8 22. O-O Ba6 23. Rfd1 Bh6 24. Nd6 Be3+ 25. Kh1 1-0

[Event "Autumn Passing"]
[Site "http://www.queenalice.com/game.php?id=1233204"]
[Date "2013.11.18"]
[Round "-"]
[White "Hourglass"]
[Black "onegin"]
[Result "1-0"]
[WhiteElo "1950"]
[BlackElo "1300"]

1. e4 e5 2. Nf3 Nc6 3. Bb5 a6 4. Ba4 Nf6 5. d3 b5 6. Bb3 Be7 7. O-O O-O 8. Nc3
h6 9. Nd5 Nxd5 10. Bxd5 Rb8 11. Bxc6 dxc6 12. Nxe5 Bd7 13. f4 f5 14. Qh5 Bc5+
15. Kh1 Rf6 16. Rf3 Be8 17. Qh4 fxe4 18. Rg3 exd3 19. Rxd3 Qe7 20. Bd2 Rd8 21.
Bc3 b4 22. Bd2 Rf5 23. Qxe7 Bxe7 24. Rxd8 Bxd8 25. g3 c5 26. Rd1 Rf6 27. Be3 Rd6
28. Rd3 c4 29. Rxd6 cxd6 30. Nxc4 d5 31. Ne5 Ba4 32. b3 Bb5 33. Nd3 a5 34. Bc1
Be7 35. Bb2 Bc6 36. Kg1 Bb5 37. Kf2 Bd8 38. Bd4 Bf6 39. Bxf6 gxf6 40. Ke3 Bc6
41. f5 Bb5 42. Kd4 a4 43. Nxb4 1-0

[Event "Challenge"]
[Site "http://www.queenalice.com/game.php?id=1239152"]
[Date "2013.12.10"]
[Round "-"]
[White "Hourglass"]
[Black "onegin"]
[Result "0-1"]
[WhiteElo "1967"]
[BlackElo "1300"]

1. e4 e5 2. Nf3 Nc6 3. Bb5 a6 4. Ba4 Nf6 5. d3 d6 6. c4 Be7 7. O-O O-O 8. Nc3
Bg4 9. h3 Bh5 10. g4 Bg6 11. Nh4 Nd7 12. Nxg6 fxg6 13. Be3 Bg5 14. Qe2 Bxe3 15.
Qxe3 Nd4 16. Ne2 Nf3+ 17. Kh1 Qh4 18. Kg2 Nc5 19. Bc2 Ne6 20. Rh1 Neg5 21. Raf1
Ne1+ 22. Rxe1 Rf3 23. Qxf3 Nxf3 24. Kxf3 Rf8+ 25. Ke3 Qg5+ 26. f4 exf4+ 27. Kf3
Qa5 28. Nc3 Qb6 29. Bb3 c5 30. Nd5 Qd8 31. e5 Qh4 32. Ref1 Qg3+ 33. Ke2 f3+ 34.
Kd2 Qxe5 35. Nc3 f2 36. Bd1 Qf4+ 37. Kc2 Qe5 38. Ne4 d5 39. Nxf2 dxc4 40. dxc4
Qd4 41. Nd3 Qxc4+ 42. Kd2 Rd8 43. Rf8+ Kxf8 0-1

[Event "Aztec Curse !!"]
[Site "http://www.queenalice.com/game.php?id=1245800"]
[Date "2014.1.6"]
[Round "-"]
[White "onegin"]
[Black "Hourglass"]
[Result "0-1"]
[WhiteElo "1300"]
[BlackElo "1999"]

1. d4 d5 2. Nf3 c6 3. c3 Bf5 4. Bf4 e6 5. e3 Nf6 6. Nbd2 c5 7. Bb5+ Nbd7 8. O-O
Be7 9. Re1 O-O 10. Ne5 Nb6 11. c4 a6 12. Ba4 Ne4 13. Nxe4 Bxe4 14. Bc2 Bxc2 15.
Qxc2 f6 16. Nf3 Nxc4 17. e4 Rc8 18. Rad1 cxd4 19. Qe2 e5 20. Bc1 Bb4 21. Bd2
Bxd2 22. Nxd2 Nxd2 23. Rxd2 dxe4 24. Qxe4 Rc7 25. Rd3 Qc8 26. Rdd1 Rc6 27. f4
Re8 28. Qd5+ Kh8 29. f5 Rd8 30. Qf3 Qc7 31. Qf1 Rc2 32. Rc1 Rxc1 33. Rxc1 Qd7
34. Qd3 Rc8 35. Re1 b5 36. Kf2 b4 37. g4 Qa4 38. Qb3 Rc2+ 39. Kf1 Qxb3 40. axb3
Rxb2 41. Rc1 g6 42. Rc8+ Kg7 43. Rc7+ Kh6 44. Ra7 Rxb3 45. Rxa6 Kg5 46. Ra7 Kxg4
47. fxg6 hxg6 48. Ra6 g5 49. Rxf6 Rf3+ 0-1

[Event "Sochi !"]
[Site "http://www.queenalice.com/game.php?id=1249882"]
[Date "2014.1.20"]
[Round "-"]
[White "Hourglass"]
[Black "onegin"]
[Result "0-1"]
[WhiteElo "2009"]
[BlackElo "1300"]

1. e4 e5 2. Nf3 Nc6 3. Bb5 a6 4. Ba4 Nf6 5. O-O Be7 6. d3 O-O 7. Nc3 d6 8. h3 h6
9. d4 b5 10. dxe5 bxa4 11. exf6 Bxf6 12. Nxa4 Re8 13. Re1 Rb8 14. Rb1 Rb4 15. c3
Rbxe4 16. Rxe4 Rxe4 17. Bd2 Qe7 18. Qc1 Rxa4 0-1

[Event "Redux"]
[Site "http://www.queenalice.com/game.php?id=1250670"]
[Date "2014.1.23"]
[Round "-"]
[White "onegin"]
[Black "Hourglass"]
[Result "0-1"]
[WhiteElo "1300"]
[BlackElo "2018"]

1. d4 d5 2. c4 e6 3. cxd5 exd5 4. Nc3 a6 5. Nf3 Nf6 6. e3 Bf5 7. Be2 Bd6 8. Bd3
Ne4 9. Nxd5 Bxh2 10. Rxh2 Qxd5 11. Bxe4 Bxe4 12. Qb3 O-O 13. Qxd5 Bxd5 14. Bd2
Nd7 15. b3 c5 16. Rc1 cxd4 17. exd4 Bxf3 18. gxf3 Nf6 19. Bf4 Rfe8+ 20. Kd2 Nd5
21. Rh4 Rac8 22. Rch1 Nxf4 23. Rxf4 Re7 24. Rc1 Rxc1 25. Kxc1 g5 26. Rg4 h6 27.
d5 Rd7 28. Rd4 Kg7 29. d6 Kf6 30. Kd1 Ke5 31. Re4+ Kxd6 32. Re8 h5 33. Rh8 h4
34. f4 f6 35. fxg5 fxg5 36. Rg8 Ke5+ 37. Ke1 Kf4 38. Rh8 Kf3 39. Rf8+ Kg2 40.
Rf5 g4 41. Rf4 Re7+ 42. Kd2 Rg7 43. f3 h3 0-1

[Event "Invitation"]
[Site "http://www.queenalice.com/game.php?id=1254541"]
[Date "2014.2.7"]
[Round "-"]
[White "onegin"]
[Black "Hourglass"]
[Result "0-1"]
[WhiteElo "1300"]
[BlackElo "1987"]

1. e4 c6 2. d4 d5 3. Nc3 dxe4 4. Nxe4 Bf5 5. Ng3 Bg6 6. Nf3 h6 7. h4 Nf6 8. h5
Bh7 9. Bd3 Bxd3 10. Qxd3 e6 11. Be3 Bd6 12. Ne4 Nxe4 13. Qxe4 Qf6 14. O-O-O Nd7
15. g4 O-O-O 16. Rd3 Nb6 17. g5 Qe7 18. Bf4 Bxf4+ 19. Qxf4 Nd5 20. Qd2 Qd6 21.
Ne5 Rdf8 22. f4 Qb4 23. c3 Qd6 24. a3 Qe7 25. c4 Nb6 26. Qa5 Kb8 27. c5 Nd7 28.
Rb3 Nxe5 29. dxe5 Rd8 30. gxh6 gxh6 31. Qc3 Rd5 32. Qc4 Rxc5 0-1

[Event "Ukrainian Misery"]
[Site "http://www.queenalice.com/game.php?id=1258505"]
[Date "2014.2.20"]
[Round "-"]
[White "Hourglass"]
[Black "onegin"]
[Result "0-1"]
[WhiteElo "2057"]
[BlackElo "1300"]

1. e4 c5 2. Nf3 Nc6 3. d4 cxd4 4. Nxd4 Nf6 5. Nc3 d6 6. Bb5 Bd7 7. O-O Ne5 8.
Re1 Bxb5 9. Ncxb5 h6 10. b3 a6 11. Nc3 g5 12. Nf5 e6 13. Nd4 Be7 14. Nf3 Nc6 15.
a3 O-O 16. Nxg5 hxg5 17. Bxg5 Ne5 18. Re3 Nfg4 19. Rg3 Bxg5 20. h3 Qf6 21. hxg4
Bh4 22. g5 Qf4 23. Rh3 Bxf2+ 24. Kh1 Ng4 25. Qe2 Bd4 26. Rf1 Nf2+ 27. Rxf2 Qxf2
0-1

[Event "Invitation"]
[Site "http://www.queenalice.com/game.php?id=1261455"]
[Date "2014.3.2"]
[Round "-"]
[White "onegin"]
[Black "Hourglass"]
[Result "0-1"]
[WhiteElo "1300"]
[BlackElo "2028"]

1. e4 c6 2. d4 d5 3. Nc3 dxe4 4. Nxe4 Bf5 5. Ng3 Bg6 6. Nf3 Nf6 7. h4 h6 8. Bc4
e6 9. Ne5 Bh7 10. Be3 Nbd7 11. O-O Nxe5 12. dxe5 Qxd1 13. Raxd1 Ng4 14. Bd3 Bxd3
15. Rxd3 Nxe5 16. Rb3 b6 17. Rc3 c5 18. Bf4 Nc6 19. a3 Be7 20. h5 O-O 21. Ne2
Bf6 22. Rg3 Kh7 23. c3 Rad8 24. b4 cxb4 25. axb4 Be5 26. b5 Bxf4 27. Nxf4 Ne5
28. Kh2 Rd2 29. Nh3 Rfd8 30. f4 Nc4 31. f5 exf5 32. Rxf5 f6 33. Nf4 Re8 34. Rh3
Ne3 35. Rf3 Nxf5 0-1

[Event "Invitation"]
[Site "http://www.queenalice.com/game.php?id=1266439"]
[Date "2014.3.19"]
[Round "-"]
[White "Hourglass"]
[Black "onegin"]
[Result "0-1"]
[WhiteElo "1972"]
[BlackElo "1300"]

1. e4 c5 2. Nf3 a6 3. d4 cxd4 4. Nxd4 Nf6 5. Nc3 e5 6. Nb3 Bb4 7. Bd3 O-O 8. Bd2
Nc6 9. O-O d6 10. a3 Bxc3 11. Bxc3 Be6 12. Nd2 Qe7 13. Re1 Rad8 14. b4 d5 15.
exd5 Rxd5 16. Bc4 Rd6 17. Qc1 Rfd8 18. Bb3 Bxb3 19. Nxb3 Nd5 20. Qb2 Nxc3 21.
Qxc3 Nd4 22. h3 Rc6 23. Qe3 Nxc2 24. Qxe5 Qxe5 25. Rxe5 Nxa1 0-1

[Event "Invitation"]
[Site "http://www.queenalice.com/game.php?id=1268701"]
[Date "2014.3.28"]
[Round "-"]
[White "Hourglass"]
[Black "onegin"]
[Result "1-0"]
[WhiteElo "1962"]
[BlackElo "1300"]

1. e4 c5 2. Nf3 e6 3. a3 Nf6 4. Nc3 d6 5. d4 cxd4 6. Nxd4 e5 7. Nf3 Be7 8. Bc4
h6 9. O-O O-O 10. h3 Nc6 11. b4 a6 12. Be3 Bd7 13. Qe2 Be6 14. Rfd1 Bxc4 15.
Qxc4 Qe8 16. Nh4 b5 17. Qb3 Ng4 18. Ng6 1-0

[Event "Invitation"]
[Site "http://www.queenalice.com/game.php?id=1271711"]
[Date "2014.4.10"]
[Round "-"]
[White "onegin"]
[Black "Hourglass"]
[Result "0-1"]
[WhiteElo "1300"]
[BlackElo "1968"]

1. e4 e5 2. Bc4 Nf6 3. d3 d5 4. exd5 Nxd5 5. Nf3 f6 6. O-O Nc6 7. h3 Be6 8. Re1
Qd7 9. c3 O-O-O 10. b4 Bd6 11. Bxd5 Bxd5 12. Re3 g5 13. b5 Ne7 14. c4 Be6 15.
Nh2 h5 16. Ba3 Nf5 17. Re4 Nd4 18. Bxd6 Qxd6 19. a4 f5 20. Re1 g4 21. h4 Rhg8
22. Nf1 f4 23. Nbd2 Rdf8 24. Ne4 Qe7 25. Ng5 Bd7 26. a5 Nf5 27. Re4 Nxh4 28. Qe1
Rxg5 0-1

[Event "Free Crimea!"]
[Site "http://www.queenalice.com/game.php?id=1281714"]
[Date "2014.5.14"]
[Round "-"]
[White "Hourglass"]
[Black "onegin"]
[Result "1-0"]
[WhiteElo "1948"]
[BlackElo "1300"]

1. e4 e5 2. Nf3 Nc6 3. Bb5 a6 4. Ba4 Nf6 5. d3 b5 6. Bb3 Be7 7. a3 a5 8. Nc3 a4
9. Ba2 Ba6 10. O-O O-O 11. Re1 h6 12. Nh4 Nd4 13. Ng6 Re8 14. Nxe5 Ne6 15. Re3
Bd6 16. Ng4 Kf8 17. e5 Nxg4 18. Qxg4 Bc5 19. Rg3 d6 20. Bxe6 Rxe6 21. Qxg7+ Ke8
22. Qg8+ Kd7 23. Qxf7+ Qe7 24. Qxe7+ Rxe7 25. Ne4 Rxe5 26. Bxh6 Kc6 27. Nxc5 1-0